| 000 | 02454nam a2200349 i 4500 | ||
|---|---|---|---|
| 003 | DO-SdBNP | ||
| 005 | 20260526003349.0 | ||
| 007 | ta | ||
| 008 | 220603e2000 dr |||| r|||| 001 e spa d | ||
| 020 | _a999342009 | ||
| 040 |
_aDO-SdBNP _bspa _cBNPHU _erda |
||
| 041 | _aspa | ||
| 082 | 4 |
_a923.57293 _bL965g _223 |
|
| 245 | 1 | 0 |
_aGregorio Luperón : _bun modelo para la juventud / _ccorrección, Diógenes Valdez |
| 264 | 1 |
_aSanto Domingo : _bEdiciones Renovación, _c2000. |
|
| 300 |
_a109 páginas ; _c23 cm |
||
| 336 |
_atexto _btxt _2rdacontent |
||
| 337 |
_asin mediación _bn _2rdamedia |
||
| 338 |
_avolumen _bnc _2rdacarrier |
||
| 490 | _aColección "Por Nuestro País Primero" | ||
| 504 | _aBibliografía : páginas 110- 111 | ||
| 505 |
_aEl compromiso de la firma Brugal & Co. C. por A.-- _tPresentación-- _tVeredicto-- _tLuperón: Vivo y Vigente-- _tIntroducción-- _tI. Buscar a Luperón es lo primero entender el cause histórico por el cual entra como vida-- _tII. Indagar sobre las raíces de Luperón en localizar nativa comunidad-- _tIII. Apreciar al niño ejemplar que fue Luperón-- _tIV. Descubrir al niño Dupedrón templándose en el cuerpo y en el espíritu-- _tV. Encontrar a Luperón el restaurador, el nacionalista, de la patria deseada-- _tConclusión-- _tBibliografía-- _tMás allá del ideario antillano: Presencia de Hostos en el pensamiento de Luperón-- _tIntroducción-- _tPuntos de partida de un a amistad antillana-- _tConclusión-- _tBibliografía-- _tNexos entre Gregorio Luperón y la ideología durante el contexto de la historia republicana-- _tIntroducción-- _tI. Contexto situacional de Juan Pablo Duarte e ideología-- _tII. Actitudes de las Potencias: Imperialistas y ofertas antinacionales-- _tIII. Relevancia económica, Política y Militar del Cibao en el contexto de la auténtica Independencia Nacional-- _tIV. Gregorio Luperón como estandarte de la ideología de Juan Pablo Duarte--- _tA manera de conclusión-- _tBibliografía. |
||
| 590 | _aInventariado 2022 / MF | ||
| 600 | 1 | 0 |
_aLuperón, Gregorio, _d1839-1897 _xEnsayos _9888 |
| 600 | 1 | 0 |
_aLuperón, Gregorio, _d1839-1897 _vBiografía _989754 |
| 650 | 4 |
_976836 _aEnsayos dominicanos |
|
| 651 | 7 |
_2Lemb _aRepública Dominicana _xHistoria _yGuerra de la restauración, 1863-1865 _984016 |
|
| 700 |
_aValdez, Diógenes, _ecorrector _4corr. _922958 |
||
| 710 | 1 |
_922081 _aBrugal & Co _ecompilador |
|
| 910 | _aMFeliz. Validado. Control de Calidad/MAA | ||
| 942 |
_2ddc _cLFDS |
||
| 999 |
_c51925 _d51925 |
||